Neo-nationalism in Europe and beyond : perspectives from social anthropology
Αποθηκεύτηκε σε:
| Άλλοι συγγραφείς: | , |
|---|---|
| Μορφή: | Βιβλίο |
| Γλώσσα: | English |
| Δημοσίευση: |
Oxford :
Berghahn,
2006
|
| Θέματα: | |
| Ετικέτες: |
Προσθήκη ετικέτας
Δεν υπάρχουν, Καταχωρήστε ετικέτα πρώτοι!
|
MARC
| LEADER | 00000nam a2200000 i 4500 | ||
|---|---|---|---|
| 001 | 1/77576 | ||
| 008 | 080317s2006 eng d | ||
| 020 | |a 1-84545-190-2 | ||
| 035 | |l 10095497 | ||
| 040 | |a GR-MY-UA |b gre |e aacr | ||
| 041 | 0 | |a eng | |
| 082 | 0 | |a 306.2094 |2 (22) | |
| 245 | 1 | 0 | |a Neo-nationalism in Europe and beyond : |b perspectives from social anthropology / |c Edited by Andre Gingrich and Marcus Banks |
| 260 | |a Oxford : |b Berghahn, |c 2006 | ||
| 300 | |a 303 σ.; |c 23 εκ. | ||
| 504 | |a Ευρετήριο: σ. 288-303 | ||
| 650 | 0 | 0 | |a Political anthropology |z Europe. |
| 650 | 0 | 0 | |a Political culture |z Europe. |
| 650 | 0 | 0 | |a Nationalism |z Europe. |
| 651 | 0 | |a Europe |x Politics and government. | |
| 651 | 0 | |a Europe |x Social life and customs. | |
| 700 | 1 | |a Gingrich, Andre. |4 edt | |
| 700 | 1 | |a Banks, Marcus. | |
| 852 | |a INST |b LESVOS |e 20080317 |h 306.2094 NEO |p 005100040581 |q 005100040581 |t BK |y 0 | ||
| 901 | |a BIBL1-2008-1 | ||
| 909 | |a Λ |b 144099 | ||
| 922 | |a 1ΕΛΗ |b 200801 |c ΕΠΕΑΕΚ2/ΤΚΑ |d ΠΑΠΑΣΩΤΗΡΙΟΥ | ||
| 970 | |a ΧΑΤΖΗΜΙΧΑΗΛ |b ΜΑΡΙΑ |z 2008/03/17 | ||